000 00300nam a22001337a 4500
008 170413b xxu||||| |||| 00| 0 eng d
020 _a9780130855312
041 _aeng
080 _a612.39
100 _a10
101 _aSHM
245 _a125 LOW CALORIA MAIN DISHES
_cCROCKER. B
942 _2udc
_cBK
999 _c10684
_d10684